000
00274nam a22001097a 4500
008
160429b xxu||||| |||| 00| 0 eng d
020
_a
9780781781534
041
_a
eng
080
_a
618.2
245
_a
Nursing research;
_c
Denise F. Polit; Cheryl Tatano Beck;
942
_2
udc
_c
BK
999
_c
1688
_d
1688